Clubs de la Challenge Cup 2024-2025. - Statistiques

Statistiques générales
  • Ce quiz a été pris 24 fois
  • Le résultat moyen est 11 sur 18
Statistiques - réponses
Poule Points % Correct
Aviron bayonnais 0
83%
Section paloise 0
83%
Lyon OU 0
78%
USA Perpignan 0
74%
Vannes rugby 0
74%
Scarlets 0
70%
Montpellier HR 0
70%
Édimbourg Rugby 0
65%
Zebre Parma 0
61%
Ospreys 0
61%
Connacht 0
57%
Newcastle Falcons 0
52%
Black Lions 0
48%
Cardiff rugby 0
48%
Lions 0
48%
Gloucester rugby 0
43%
Cheetahs 0
43%
Dragons 0
30%
Aucun quiz correspondant
Distribution des résultats
% des personnes avec chaque résultat
Percentile par nombre de réponses
Votre historique - résultats
Vous n’avez pas pris ce quiz